Guess the Super League Greece Club by the kit - Statistics

General Stats
  • This quiz has been taken 34 times
  • The average score is 13 of 14
Answer Stats
Picture Answer % Correct
AEK
100%
Aris
100%
Olympiacos
100%
Panathinaikos
100%
PAOK
100%
OFI
97%
Asteras Tripolis
94%
Atromitos
94%
Volos
94%
Levadiakos
91%
PAS Giannina
88%
Lamia
82%
Ionikos
79%
Panaitolikos
70%
No matching quizzes found
Score Distribution
Percent of People with Each Score
Percentile by Number Answered
Your Score History
You have not taken this quiz